00462nam a22001457a 450000500170000000800410001702000230005802000260008103700170010704000080012410000190013224500800015126000470023130000380027820100504111852.0100504t xxu||||| |||| 00| 0 eng d a8172454163c140.00 a9788172454166c140.00 bPUB/Goodwill aDPL aHanda, Parvesh aA complete book on beauty, body, make-up and hairstyles /cby Parvesh Handa aNew DelhibGoodwill Publishing Housec201? axii, 236p. :c26 cm. (Pbk)eillu.